Devine le personnage de manga/anime/manhwa - Statistiques

Statistiques générales
  • Ce quiz a été pris 686 fois
  • Le résultat moyen est 9 sur 16
Statistiques - réponses
Par images Réponse % Correct
Monkey D. Luffy
98%
Kakashi Hatake
97%
Son Goku
96%
Gojo Satoru
95%
Sasha Braus
78%
Anya Forger
72%
Eikichi Onizuka
62%
Shigaraki Tomura
62%
Yuno
49%
Doma
44%
Sung Jin Woo
43%
Aquamarine Hoshino
37%
Zeraora
21%
Cid Kageno
19%
Destiny
4%
Shizuo Heiwajima
3%
Aucun quiz correspondant
Distribution des résultats
% des personnes avec chaque résultat
Percentile par nombre de réponses
Votre historique - résultats
Vous n’avez pas pris ce quiz